000 01819nam a22002897a 4500
999 _c60684
_d60684
005 20231006163340.0
008 231006s2007 ge ||||| |||| 00| 0 eng d
041 _aeng
080 _a903.1(479.22)+069.51 M-46
245 _aMedeas Gold : Neue funde aus Georgien = მედეას ოქრო : ახალი აღმოჩენები საქართველოდან :
_bKatalog zur Ausstellung des Georgischen Nationalmuseums, Tiflis und der Antikensammlung, Staatlichen Museen zu Berlin vom 15. März bis 3. Juni 2007 im Altem Museum /
_c autoren: Ana Chkonia, Darejan Katscharava, Nino Lordkipanidze [et al.] ; redaktion: Nino Lordkipanidze, Otar Lordkipanidze ; fotografie: Mirian Kiladze, Gia Tschkhataraschvili.
264 _aTiflis :
_bGeorgisches Nationalmuseum,
_c2007.
300 _a143 p. :
_b ill., map ;
_c17 cm.
521 _aბიბლიოგრაფია: გვ. 142.
653 _aარქეოლოგიური კულტურა
653 _aსაქართველოს ეროვნული მუზეუმის კოლექციები
653 _aქართული ოქრომჭედლობა
700 _aChkonia, Ana
_eავტორი
_920020
700 _aKatscharava, Darejan
_eავტორი
_920021
700 _aLordkipanidze, Nino
_eავტორი
_920022
700 _aKvirkvelia, Guram
_eავტორი
_920023
700 _aLordkipanidze, Otar
_eავტორი, რედაქტორი.
_920024
700 _aKiladze, Mirian
_eფოტოგრაფი.
_918285
700 _aTschkhataraschvili, Gia
_eფოტოგრაფი
_920025
710 _aGeorgischen Nationalmuseums (Tiflis)
_920026
710 _a Antikensammlung, Staatlichen Museen (Berlin)
_920027
942 _2udc
_cBK